Ultimo - Buon viaggio - testo - Statistics

Statistiche generali
  • Questo quiz è stato fatto 118 volte
    106 dall'ultimo reset
  • Il punteggio medio è 133 su 192
Statistiche sulle risposte
Risposta % Corretto
buon
97%
viaggio
97%
se
94%
un
94%
a
92%
di
92%
Di
92%
i
92%
che
90%
non
90%
per
90%
e
89%
E
89%
è
89%
so
89%
Fai
85%
hai
85%
il
84%
mi
84%
Perché
82%
perché
82%
po'
82%
te
82%
io
81%
Io
81%
in
79%
sempre
77%
solo
77%
Solo
77%
ti
77%
le
74%
tuo
74%
ho
73%
quando
73%
quanto
73%
tempo
73%
torna
73%
mai
71%
mia
69%
quelle
66%
tra
66%
butta
65%
Però
65%
pretesto
65%
vivere
65%
della
63%
lei
63%
sigarette
63%
importa
61%
meriti
61%
mondo
61%
Anche
60%
anche
60%
amore
58%
domani
58%
na ni na ni na ni na
58%
primavera
58%
col
56%
dentro
56%
Gira
56%
sarò
56%
Sarò
56%
sera
56%
mio
55%
vento
55%
amara
53%
odore
53%
risate
53%
tornerai
53%
incomprensione
52%
lascia
52%
lasciato
52%
temere
52%
dosso
50%
l'ansia
48%
rancore
48%
due
47%
ore
47%
Poi
47%
aspetto
44%
dirti
44%
mancano
44%
onesto
44%
provare
44%
scrolla
44%
senza
44%
Abbi
42%
come
42%
forse
42%
corri
40%
lampioni
40%
posto
40%
tuoi
40%
dei
37%
forte
37%
pino
37%
posso
37%
sogno
37%
buongiorno
35%
cura
35%
festa
35%
oggi
35%
sarà
35%
custodisci
34%
dici
34%
fare
34%
occhi
34%
siepi
34%
torni
34%
ritorna
31%
giardino
29%
cent'anni
24%
Nessun quiz corrispondente trovato
Distribuzione punteggi
Percentuale di utenti per punteggio
Percentile per numero di risposta
I tuoi punteggi nel tempo
Non hai fatto questo quiz dall'ultimo reset